| 000 | 00767pam a2200217 a 4500 | ||
|---|---|---|---|
| 001 | 2580193 | ||
| 005 | 20241016134654.0 | ||
| 008 | 960731s1997 mdua b 001 0 eng c | ||
| 020 | _a083420908X | ||
| 050 | 0 | 0 |
_aRS100 _b.I87 1997 |
| 082 | 0 | 0 |
_a615/.1/068 _220 |
| 245 | 0 | 0 |
_aIssues in pharmacy practice management / _c[edited by] Andrew L. Wilson. |
| 260 |
_aGaithersburg, Md. : _bAspen Publishers, _c1997. |
||
| 300 |
_axiv, 399 p. : _bill. ; _c26 cm. |
||
| 500 | _aA compilation of articles from Pharmacy practice management quarterly. | ||
| 650 | 0 |
_aPharmacy _xPractice. |
|
| 650 | 1 | 2 |
_aPharmacy _xorganization & administration _xcollected works. |
| 650 | 2 | 2 |
_aManaged Care Programs _zUnited States _xcollected works. |
| 700 | 1 | _aWilson, Andrew L. | |
| 942 |
_2lcc _cBK _n0 |
||
| 999 |
_c42 _d42 |
||